International migrations.

Disimpan dalam:
Butiran Bibliografi
Pengarang-pengarang Korporat: National Bureau of Economic Research., International Labour Office., Social Science Research Council (U.S.). Committee on Scientific Aspects of Human Migration.
Pengarang-pengarang Lain: Willcox, Walter Francis, 1861-1964., Ferenczi, Imre., Willcox, Walter Francis, 1861-1964, (Editor)
Format: Buku
Bahasa:English
Diterbitkan: New York, 1929-31.
Siri:General series (National Bureau of Economic Research) ; no. 14, 18
Subjek-subjek:
Penanda-penanda: Tambah Penanda
Tiada Penanda, Jadilah orang pertama menanda rekod ini!
LEADER 01752cam a2200349I 4500
001 000683083-8
005 20160408181020.0
008 740528m19291931nyua b 00110 eng
010 |a  29016893  
035 0 |a ocm00897142 
040 |c BMC  |d m.c. 
050 0 |a JV6029  |b .N3 
110 2 |a National Bureau of Economic Research. 
245 1 0 |a International migrations.  |c Edited on behalf of the National Bureau of Economic Research by Walter Willcox. 
260 1 |a New York,  |c 1929-31. 
300 |a 2 v.  |b tables, diagrs.  |c 24 cm. 
490 1 |a Publications of the National Bureau of Economic Research, incorporated ;  |v no. 14, 18 
500 |a This study has been conducted for the Committee on Scientific Aspects of Human Migration of the Social Science Research Council. c̲f̲. pref., vol. I. 
504 |a Includes bibliographies. 
505 0 |a I. Statistics compiled on behalf of the International Labour Office, Geneva, with introduction and notes by I. Ferenczi.--II. Interpretations, by a group of scholars in different countries. 
650 0 |a Emigration and immigration  |x Statistics. 
650 0 |a Human beings  |x Migration. 
650 2 |a Emigration and Immigration  |x statistics & numerical data. 
700 1 |a Willcox, Walter Francis,  |d 1861-1964. 
700 1 |a Ferenczi, Imre. 
710 2 |a International Labour Office. 
710 2 |a Social Science Research Council (U.S.).  |b Committee on Scientific Aspects of Human Migration. 
700 1 |a Willcox, Walter Francis,  |d 1861-1964,  |e editor. 
776 0 8 |i Online version:  |a National Bureau of Economic Research.  |t International migrations.  |d New York, 1929-31  |w (OCoLC)603611166 
830 0 |a General series (National Bureau of Economic Research) ;  |v no. 14, 18 
988 |a 20020608 
906 |0 MH